| 000 | 00530nam a2200193 a 4500 | ||
|---|---|---|---|
| 005 | 20140310183243.0 | ||
| 008 | 040819s19uu xx 00 eng d | ||
| 020 | _a81-7141-366-8 | ||
| 050 |
_aLB 1043.2 _b.Si617 2004 |
||
| 100 | _aSingh, Uttam Kumar. | ||
| 245 |
_aMedia education./ _cU.K. Singh. |
||
| 260 |
_aNew Delhi : _bDiscovery Publishing House, _c2004. |
||
| 300 |
_a348 p. : _c20 cm. |
||
| 521 | _aMC | ||
| 650 |
_aAudio-visual _xEducation. |
||
| 700 | _aSudashan, K. N. | ||
| 942 |
_cBK _2lcc _kFOR |
||
| 999 |
_c20641 _d20641 |
||